|
|
|
|
| LEADER |
00669nam a2200181 a 4500 |
| 001 |
000586151 |
| 003 |
CZ BrMZK |
| 005 |
20070927110058.0 |
| 008 |
010825s1910 xr f cze d |
| 040 |
|
|
|a BOA001
|b cze
|
| 100 |
1 |
|
|a Kubín, Josef Štefan,
|d 1864-1965
|7 jk01070421
|4 aut
|
| 245 |
1 |
0 |
|a Povídky kladské.
|n Část 1, 2 /
|c Josef Kubín ; komentářem kriticko-bibliografickým provází J. Polívka
|
| 260 |
|
|
|a Praha :
|b Společnost Národopisného Muzea Českoslovanského,
|c 1910
|
| 300 |
|
|
|a 348 s.
|
| 910 |
|
|
|a BOA001
|b PK-II-0005.634
|
| 990 |
|
|
|a BK
|
| 993 |
|
|
|a Y
|
| 996 |
6 |
|
|b 3119685671
|c PK-II-0005.634
|l MZK
|r Sklad / do 1 hodiny
|n 2
|w 000586151
|u 000010
|a 1
|e BOA001
|j MZK50
|s P
|